| 000 | 00404nam a22001577a 4500 | ||
|---|---|---|---|
| 003 | SGT | ||
| 020 | _a9781636335711 | ||
| 082 |
_a617.522 _bO21S |
||
| 100 | _aSanjeev Kumar | ||
| 245 |
_aOral & Maxillofacial Surgery in India _bPioneers of a versatile speciality |
||
| 260 |
_aChennai, India _bNotion Press _c2021 |
||
| 300 | _a203 | ||
| 650 | _aPeriodontics | ||
| 653 | _aPeriodontics | ||
| 942 |
_2ddc _cBK |
||
| 999 |
_c23837 _d23837 |
||